书目信息 |
| 题名: |
简明学习方法词典
|
|
| 作者: | 王松泉 主编 | |
| 分册: | ||
| 出版信息: | 沈阳 辽宁大学出版社 1992 |
|
| 页数: | 480页 | |
| 开本: | 20cm | |
| 丛书名: | ||
| 单 册: | ||
| 中图分类: | H32 , G791-61 | |
| 科图分类: | ||
| 主题词: | 教育--类型--词典 | |
| 电子资源: | ||
| ISBN: | 7-5610-1998-X | |
| 000 | 00592nam0 2200205 450 | |
| 001 | 0753401488 | |
| 005 | 20080428093536.68 | |
| 010 | @a7-5610-1998-X@dCNY12.80 | |
| 100 | @a20070717d1992 km y0chiy0120 ea | |
| 101 | 0 | @achi |
| 102 | @aCN@b210000 | |
| 200 | 1 | @a简明学习方法词典@Ajian ming xue xi fang fa ci dian@f王松泉主编@Fwang song quan zhu bian |
| 210 | @a沈阳@c辽宁大学出版社@d1992 | |
| 215 | @a480页@d20cm | |
| 606 | 0 | @a教育@x类型@x词典 |
| 690 | @aH32@v3 | |
| 690 | @aG791-61@v4 | |
| 701 | 0 | @a王松泉@Awang song quan@4主编 |
| 801 | 0 | @aCN@bPFT@c20080428 |
| 905 | @a10447@dG791-61@e201 | |
| 简明学习方法词典/王松泉主编.-沈阳:辽宁大学出版社,1992 |
| 480页;20cm |
| ISBN 7-5610-1998-X:CNY12.80 |
| ● |
| 相关链接 |
|
|
|
|
正题名:简明学习方法词典
索取号:G791-61/201
 
预约/预借
| 序号 | 登录号 | 条形码 | 馆藏地/架位号 | 状态 | 备注 |
| 1 | 0768945 | 207689456 | 密集书库/ [索取号:G791-61/201] | 在馆 | |
| 2 | 0770325 | 207703252 | 密集书库/ [索取号:G791-61/201] | 在馆 |